000 00702nam a2200169 a 4500
008 120416s1969 ||||||||||||||||| || u
050 _aQA 402.3 Pri
100 _aPrime, H.A
245 1 0 _aModern Concepts in control theory
260 _aLondon
_bMcGraw-Hill
_c1969
300 _aix, 202p. : ill
350 _a0.00
650 _aCOMPUTERS
650 0 _aCONTROL THEORY
995 _aANNEX COLLECTION (Main Library)
_D0.00
_e714732
_FCBU-MAIN LIBRARY (Kitwe)
_H1
_I8.95
_jQA 402.3 Pri
_M1
_UAVAILABLE
_y012646
_ZAnnex Low-Usage Collection
995 _aMAIN LIBRARY OPEN ACCESS
_D0.00
_e714733
_FCBU-MAIN LIBRARY (Kitwe)
_H2
_I8.95
_jQA 402.3 Pri
_M2
_UWEEDED
_VJul 24, 2017
_y012647
_ZMain Library Open Access Collection
999 _c77565
_d77565